| 000 | 00763cam a2200205 i 4500 | ||
|---|---|---|---|
| 005 | 20260127090118.0 | ||
| 008 | 250721s2020 jo gr 000 0 ara d | ||
| 020 | _a9789957652319 | ||
| 082 | 1 | 4 |
_a363.1 _bس م و |
| 100 | 1 |
_aسمور، سوسن _eمؤلف. |
|
| 245 | 1 | 0 |
_aالصحة والسلامة والبيئة المهنية / _cالدكتورة سوسن سمور، الدكتور فادي سمور. |
| 250 | _aالطبعة الأولى. | ||
| 264 | 3 | 1 |
_aعمان : _bدار المعتز للنشر والتوزيع، _c2020. |
| 300 | _a195 صفحة. | ||
| 650 | 1 | 7 | _aالصحة المهنية. |
| 650 | 1 | 7 | _aالسلامة الصناعية. |
| 700 | 1 |
_aسمور، فادي _eمؤلف. |
|
| 942 |
_2ddc _cBK |
||
| 999 |
_c143014 _d143014 |
||